| 000 | 00596cam a2200229 i 4500 | ||
|---|---|---|---|
| 001 | 17852631 | ||
| 005 | 20180119072731.0 | ||
| 008 | 130814s2008 scub d 000 0 eng | ||
| 010 | _a 2013431862 | ||
| 020 | _a0977177734 (pbk.) | ||
| 040 |
_aDLC _beng _cDLC _erda _dDLC |
||
| 041 | _aeng | ||
| 042 | _apcc | ||
| 080 | _a038 BAC | ||
| 082 | _a038 BAC | ||
| 100 | _a23 | ||
| 101 | _aFJA | ||
| 245 | 0 | 4 | _aThe best dictionary for students. |
| 906 |
_a7 _bcbc _corignew _d2 _encip _f20 _gy-gencatlg |
||
| 942 |
_2ddc _cBK |
||
| 999 |
_c40583 _d40583 |
||